Η γραμματική της ζωής : μια επισκόπηση των πολιτικών πράξεων

Αποθηκεύτηκε σε:
Λεπτομέρειες βιβλιογραφικής εγγραφής
Κύριος συγγραφέας: Cooper, D. G. (David Graham), 1931-1986
Άλλοι συγγραφείς: Μπαλής, Νίκος (Μεταφραστής)
Μορφή: Βιβλίο
Γλώσσα:Greek
English
Δημοσίευση: Αθήνα : Καστανιώτης, 1977.
Σειρά:Βιβλιοθήκη κοινωνικής ψυχολογίας
Θέματα:
Ετικέτες: Προσθήκη ετικέτας
Δεν υπάρχουν, Καταχωρήστε ετικέτα πρώτοι!

MARC

LEADER 00000cam a2200000 i 4500
001 1/90986
008 991008s1977 gr | ||| |||| ||gre||
035 |l 10053366 
040 |a GR-MY-UA  |b gre  |e aacr 
041 1 |a gre  |h eng 
082 7 |a 616.89   |2 (22) 
100 1 |a Cooper, D. G.   |q (David Graham),   |d 1931-1986. 
245 1 2 |a Η γραμματική της ζωής :   |b μια επισκόπηση των πολιτικών πράξεων /   |c Ντέηβιντ Κούπερ ; μετάφραση και παράρτημα: Νίκος Μπαλής.  
260 |a Αθήνα :   |b Καστανιώτης,   |c 1977.  
300 |a 207 σ. ;   |c 24 εκ.  
490 1 |a (Βιβλιοθήκη κοινωνικής ψυχολογίας) 
500 |a Τίτλος πρωτοτύπου: The grammar of living an examination of political acts.  
650 0 0 |a Personality. 
650 0 0 |a Psychiatry. 
700 1 |a Μπαλής, Νίκος,  |e trl 
830 0 |a Βιβλιοθήκη κοινωνικής ψυχολογίας 
852 |a INST  |b RHODES  |e 19991008  |h 616.89 COO  |p 005400006831  |q 005400006831  |t BK  |y 0 
909 |a Ρ  |b 049107 
922 |a 4ΕΛΗ  |b 199610  |c ΠΟΛΕΜΙΚΟΣ  |d ΚΑΚΟΥΛΙΔΗΣ 
970 |a ΧΟΡΟΖΙΔΟΥ  |b ΤΖΕΝΗ  |z 1999/10/08